Prospects of puncture tapping in specific areas (Record no. 66038)

MARC details
000 -LEADER
fixed length control field 00338nam a2200133Ia 4500
100 ## - MAIN ENTRY--AUTHOR NAME
Personal name Sivakumaran S
245 #0 - TITLE STATEMENT
Title Prospects of puncture tapping in specific areas
260 ## - PUBLICATION, DISTRIBUTION, ETC. (IMPRINT)
Name of publisher Planters Bulletin
Year of publication 1984
300 ## - PHYSICAL DESCRIPTION
Number of Pages 59-64
650 ## - SUBJECT ADDED ENTRY--TOPICAL TERM
Topical Term Hevea
650 ## - SUBJECT ADDED ENTRY--TOPICAL TERM
Topical Term Puncture tapping
942 ## - ADDED ENTRY ELEMENTS (KOHA)
Koha item type Journals
Holdings
Withdrawn status Lost status Damaged status Not for loan Home library Current library Shelving location Date acquired Serial Enumeration / chronology Koha item type
      Journals RRII Library RRII Library Physiology 17/12/2021 Volume 179, Issue Journals